disney channel shows by hint - Statistics

General Stats
  • This quiz has been taken 309 times
  • The average score is 7 of 9
Answer Stats
Hint Answer % Correct
nanny jessie
100%
twin sisters liv and maddie
91%
video diary good luck charlie
88%
family of wizards wizards of waverly place
87%
4 friends and a music shop austin and ally
84%
spin off of jessie at camp bunk'd
84%
family of spies k.c undercover
83%
karate kickin it
65%
spin off of a early 2000s show girl meets world
49%
No matching quizzes found
Score Distribution
Percent of People with Each Score
Percentile by Number Answered
Your Score History
You have not taken this quiz